L'assistance aux navires et le sauvatage des épaves

Saved in:
Bibliografiske detaljer
Hovedforfatter: Le Clere, Julien (Author)
Format: Bog
Sprog:fransk
Udgivet: París Librairie Générale de Droit et de Jurisprudence 1954
Fag:
Tags: Tilføj Tag
Ingen Tags, Vær først til at tagge denne postø!

MARC

LEADER 00000nam a2200000 a 4500
001 UCS2274
003 CL-VaPUC
008 970523e19540000FR |||||||||||||||||fre|d
082 0 4 |a 346.086  |b LEC  |2 21 
100 0 |a Le Clere, Julien  |e author  |9 387523 
245 1 2 |a L'assistance aux navires et le sauvatage des épaves 
300 |a 331 p 
942 |c BK 
945 |d 19970523 00:00:00  |a cmena 
260 |a París  |b Librairie Générale de Droit et de Jurisprudence  |c 1954 
650 0 |a Derecho comercial   |9 256340 
650 7 |a SEGURO MARITIMO  |2 CL-VaPUC  |9 387524 
650 0 |a Transporte marítimo  |9 260127 
650 7 |a INDEMNIZACION DE PERJUICIOS  |2 CL-VaPUC  |9 357521 
650 0 |a Jurisprudencia  |9 255952 
650 0 |a Derecho francés  |9 385145 
650 0 |a Derecho internacional  |9 255637 
650 0 |a Derecho comparado  |9 255664 
650 7 |a NAVES  |2 CL-VaPUC  |9 380983 
650 7 |a AVERIA  |2 CL-VaPUC  |9 387525 
650 7 |a SEGUROS  |2 CL-VaPUC  |9 387526 
650 0 |a Obligaciones   |9 255578 
650 7 |a RESPONSABILIDAD CIVIL  |2 CL-VaPUC  |9 387527 
583 |a last modification  |c 19970523 00:00:00  |k Rodrigo Vera 
999 |c 260248  |d 260246 
952 |0 0  |1 0  |4 0  |6 346_086000000000000_LEC_1954  |7 0  |8 A  |9 286184  |a BIBDER  |b BIBDER  |d 2019-11-19  |i 1858815  |o 346.086 LEC 1954  |p 1858815  |r 2023-01-25  |w 2019-11-19  |y BK  |k DER